logo

Bir Sreshtho Munshi Abdur Rouf Library
Jhenaidah Cadet College

An introduction to economics : (Record no. 5187)

MARC details
000 -LEADER
fixed length control field 00711cam a2200253 a 4500
001 - CONTROL NUMBER
JCCL Control Number 5187
003 - CONTROL NUMBER IDENTIFIER
JCCL marc code BD-JhCC
005 - DATE AND TIME OF LATEST TRANSACTION
control field 20171210162318.0
008 - FIXED-LENGTH DATA ELEMENTS--GENERAL INFORMATION
fixed length control field 790208s1977 enk | |||| ||eng||
020 ## - INTERNATIONAL STANDARD BOOK NUMBER
International Standard Book Number 0712109498
035 ## - SYSTEM CONTROL NUMBER
system control number (BD-JhCC)
040 ## - CATALOGING SOURCE
Original cataloging agency BD-JhCC
Modifying agency BD-JhCC
041 ## - LANGUAGE CODE
Language code of Book eng
082 ## - DEWEY DECIMAL CLASSIFICATION NUMBER
Classification number 330.076
Author mark and Year CUR 1977
100 1# - MAIN ENTRY--PERSONAL NAME
Personal name Curzon, L. B.
Fuller form of name (Leslie Basil)
245 13 - TITLE STATEMENT
Title An introduction to economics :
Remainder of title a workbook and study guide /
Statement of responsibility, etc L.B. Curzon.
260 ## - PUBLICATION, DISTRIBUTION, ETC. (IMPRINT)
Place of publication, distribution, etc Plymouth :
Name of publisher, distributor, etc Macdonald and Evans,
Date of publication, distribution, etc 1977.
300 ## - PHYSICAL DESCRIPTION
Pagination ix,190p ;
Dimensions 21cm.
500 ## - GENERAL NOTE
General note With answers.
500 ## - GENERAL NOTE
General note Bibliography: p.vii-viii.
650 #0 - SUBJECT ADDED ENTRY--TOPICAL TERM
Topical term or geographic name as entry element Economics
Form subdivision Problems, exercises, etc.
942 ## - ADDED ENTRY ELEMENTS (KOHA)
Source of classification or shelving scheme Dewey Decimal Classification
Koha item type Books
Holdings
Source of classification or shelving scheme Damaged status Not for loan Home library Current library Shelving location Date of accession Total Checkouts Full call number Barcode Date last seen Copy number Koha item type
Dewey Decimal Classification     JCC Rouf Library JCC Rouf Library General Stacks 12/10/2017   330.076 CUR 1977 7068 12/10/2017 C-1 Books

JCC Library | Contacts | JCC Home

Last Update on 23 September 2017
Copyright @ 2017-2020 JCC Rouf Library
Rouf Library, Jhenidah Cadet College (JCC), Bangladesh